| 000 | 00872nam a2200229 i 4500 | ||
|---|---|---|---|
| 001 | 166478 | ||
| 003 | ES-MaACL | ||
| 005 | 20250809042456.0 | ||
| 008 | 000207s1865 fr |||| | fre d | ||
| 040 |
_aCCPB | B _bspa _cCCPB | B |
||
| 080 | _a342.7 | ||
| 100 | 1 |
_aTorres Caicedo, José María. _9133326 |
|
| 245 | 1 | 4 |
_aLes principes de 1789 en Amérique / _cpar J. M. Torres Caicedo. |
| 260 |
_aParis : _bE. Dentu, _c1865. |
||
| 300 |
_aXXXI, [1] en bl., 359 p. ; _c19 cm. |
||
| 530 | _aDisponible también en sitio web. | ||
| 650 | 0 | 7 |
_aDerechos humanos _2embne _911770 |
| 651 | 4 |
_aFrancia- _xHistoria- _y1789-1799, Revolución- _xInfluencia. _98690 |
|
| 852 |
_aES-MaACL _jD-1870 _z-- Enc. hol. |
||
| 856 |
_uhttp://bibliotecadigitalhispanica.bne.es:80/webclient/DeliveryManager?pid=1847724&custom_att_2=simple_viewer _zIr a la página |
||
| 999 |
_c166478 _d166478 |
||